Представление документа в формате RUSMARC

ПолеНазваниеЗначение
  Тип записи a
  Библиографический уровень m
001 Контрольный номер RU/SLIB/B/208756800
005 Дата корректировки 20201206204156.5
010 Индекс ISBN __
d Цена 1000-00
101 Язык документа __
a Язык текста rus
200 Заглавие и сведения об ответственности 1_
a Заглавие "Рыцари церкви". Кто они?
e Сведения, относящиеся к заглавию очерки об истории и современ. деятельности катол. орденов
f Первые сведения об ответственности Печников Б. А.
b Общее обозначение материала Текст
210 Выходные данные __
a Место издания М.
c Издательство Политиздат
d Дата издания 1991
215 Физическое описание __
a Объем 351 с.
c Иллюстрации/тип воспроизводства ил.
517 Другие варианты заглавия __
a Другие варианты заглавия Кто они?
606 Тематические рубрики __
a Основная рубрика Религия. Мистика. Свободомыслие
606 Тематические рубрики __
a Основная рубрика Католицизм
610 Ключевые слова __
a Ключевые слова католические ордены; религиозные общества; религиозные объединения; религиозные организации; религиозные верования; религиозные вероучения; религиозные взгляды; католические таинства; католические традиции; католическое движение
686 Индексы других классификаций __
a Классификационный индекс 86.375-3
700 Автор __
a Фамилия Печников
b Имя Б. А.
4 Код отношения 070
801 Источник записи _0
a Страна RU
b Организация Муниципальное бюджетное учреждение культуры "Централизованная библиотечная система" г. Сургут (Центральная городская библиотека им. А. С. Пушкина)
g Правила каталогизации КиК/Михайлова
801 Источник записи _1
a Страна RU
b Организация Муниципальное бюджетное учреждение культуры "Централизованная библиотечная система" г. Сургут (Центральная городская библиотека им. А. С. Пушкина)
g Правила каталогизации КиК/Михайлова
852 Данные о местонахождении __
j Шифр хранения 86.375-3
c Каталожный индекс 86.375-3
i Авторский знак П 31
p Инвентарный номер 65663
901 Тип документа __
t Тип документа m
990 Данные о заказе (DOS) __
j Количество экземпляров (DOS) 1